Avrupa toplulukları hukuku ve bu hukukun ulusal alanda uygulanmasından doğan sorunlar (Record no. 1349)

MARC details
000 -BAŞLIK
Sabit Uzunlukta Kontrol Alanı 00903na a2200265 4500
001 - KONTROL NUMARASI
Denetim Alanı 16992
003 - KONTROL NUMARASI IDENTIFIER
Denetim Alanı MIRAKIL
005 - SON İŞLEM TARİHİ VE ZAMANI
Denetim Alanı 20181213154820.0
008 - SABİT-BOY VERİ ELEMANLARI - GENEL BİLGİLER
Sabit Uzunlukta Kontrol Alanı 161020b tu 000 0
035 ## - SİSTEM KONTROL NUMARASI
Sistem Kontrol Numarası 16992
040 ## - KATALOGLAMA KAYNAK
Orijinal Kataloglama Ajansı Milas
Kataloglama Dili tur
Metne Dönüştürmek Ajansı TR-AnCHP
041 ## - DİL KODU
Metin / Ses Parça Veya Ayrı Başlığın Dil Kodu tur
082 ## - DEWEY ONLU SINIFLANDIRMA NUMARASI
Sınıflandırma Numarası 341.242
Ürün Numarası A67a 1985
090 ## - SINIFLAMA NUMARASI
Sınıflama Numarası 341.242 A67a 1985
100 ## - ANA GİRİŞ - KİŞİSEL İSİM
Kişisel Ad Arsava, Ayşe Füsun
245 ## - BAŞLIK TABLOSU
Başlık Avrupa toplulukları hukuku ve bu hukukun ulusal alanda uygulanmasından doğan sorunlar
Sorumluluk Tablosu, Vb Ayşe Füsun Arsava
260 ## - YAYIN, DAĞITIM, VB
Yayın, Dağıtım, Vb Yeri Ankara
Yayıncı, Dağıtıcı, Vs Adı A.Ü. Siyasal Bilgiler Fakültesi
Yayın, Dağıtım, Vb Tarihi 1985
300 ## - FİZİKSEL TANIM
Kapsam xvii, 464 s.
Boyutlar 24 sm.
490 ## - SERİSİ TABLOSU
Seri Beyanı Ankara Üniversitesi Siyasal Bilgiler Fakültesi yayınları
Hacim / Ardışık Tanımı 545
504 ## - KAYNAKÇA VB NOT
Kaynakça Vb Notu Kaynakça var.
650 ## - KONU KATMA GİRİŞ - TOPİKAL DÖNEM
Topikal Süreli Veya Coğrafi Ad Giriş Elemanı Avrupa toplulukları
Genel Alt Bölümü Uluslararası hukuk
Kronolojik Alt Bölümü Sorunlar
651 ## - KONU KATMA GİRİŞ - COĞRAFİ ADI
Coğrafi İsim Avrupa
Genel Alt Bölümü Uluslararası hukuk
Kronolojik Alt Bölümü Hukuki durum
651 ## - KONU KATMA GİRİŞ - COĞRAFİ ADI
Coğrafi İsim Avrupa
Genel Alt Bölümü Uluslararası hukuk
Kronolojik Alt Bölümü Sorunlar
942 ## - EKLENDİ GİRİŞ ELEMANLARI (KOHA)
Sınıflandırma Veya Raf Düzeni Kaynak Dewey Decimal Classification
Koha Öğesi Türü Books
999 ## - SİSTEM KONTROL NUMARALARI (KOHA)
Koha Biblionumber 1349
Koha Biblioitemnumber 1349
Holdings
Kalıcı Konum Mevcut Konum Edinme Tarihi Edinim Kaynak Toplam Check-Out'Lar Tam Çağrı Numarası Barkod Tarih Son Görülme İtibaren Geçerli Fiyatlar Koha Öğesi Türü
CHP Kütüphanesi CHP Kütüphanesi 10/20/2016 Bağış   341.242 A67a 1985 005437 10/20/2016 10/20/2016 Books